MDQL
is popping MORE tags! Check the
thread
!
Quizzes
Events
Quiz Creation
Community
Videos
Private Events
Remove Ads
Sign In
Join for FREE
Feedback
Dark Mode
Quiz Categories
Sports
Geography
Music
Movies
Television
Just For Fun
Miscellaneous
History
Literature
Language
Science
Gaming
Entertainment
Religion
Holiday
For Kids
Quiz Lab
Recent
Popular Today
Quiz Kudos Today
Editor Picks
Curator Picks
Quizzes by...
Day
Popularity
Type
Ratings
Length
Year
Community
Subscriptions
Recent Discussions
Orange Saloon
Badges
Playlists
Quests
Create
Leaderboards
Showdown
Live 5
Trivia Bingo
Activity
Puzzle Library
Sporcle Events
Private Events
Virtual Trivia
Globe League
Become a Host
Pub Owners
SporcleCon
Opinionation
Our Games
Videos
Blog
Mobile Apps
Partnerships
Remove Ads and Go Orange
Feedback
Sports
Athletes
MLB
NBA
NHL
NFL
Soccer
Sports Teams
WWE
NCAA
Football
Premier League
Basketball
Baseball
Hockey
Golf
Tennis
Cricket
Rugby
Auto Racing
Olympics
World Cup
Sports
Athletes
MLB
NBA
NHL
NFL
Soccer
Sports Teams
WWE
NCAA
Football
Premier League
Basketball
Baseball
Hockey
Golf
Tennis
Cricket
Rugby
Auto Racing
Olympics
World Cup
Random Quiz
Search Sporcle
×
Quiz Lab
Quiz Lab
Sports
NBA
Type in answers that appear in a list
Type in answers that appear in a list
Classic
Best Score? Go Orange.
NBA Most Career Points in the Playoffs Without a Ring Stats
Can you name the NBA players who have scored the most career points in the Playoffs without winning a Championship?
By
dlh1231
5m
40 Questions
4,140 Plays
4,140 Plays
4,140 Plays
Comments
Comments
Give Quiz Kudos
Give Quiz Kudos
-
- Ratings
hide this ad
More Info
Replay
Link that replays current quiz
Next Quiz
Link to next quiz in quiz playlist
You Got
0%
They Got
Avg Score
46%
Avg Friend Score
Upgrade to see
Score Distribution
Jump to the score distribution portion of the page
Score
0/40
Timer
05:00
1
Play Today
Points
Player
% Correct
4761
Karl Malone
97.9%
2436
John Stockton
91.7%
2972
Reggie Miller
89.9%
2111
Allen Iverson
87.1%
2813
Patrick Ewing
85.1%
2047*
Steve Nash
82%
2833
Charles Barkley
81.7%
1522
Shawn Kemp
70.2%
2026
Kevin Johnson
66.6%
1377*
Amar'e Stoudemire
65.4%
1347*
Carmelo Anthony
65.4%
1495
Chris Webber
64.3%
3623
Elgin Baylor
58.9%
1592
George Gervin
56.3%
1423
Dominique Wilkins
53.5%
1336*
Vince Carter
52.8%
2092
Jeff Hornacek
48.1%
1661
Alex English
46.1%
1363
John Starks
43.5%
1324*
Mike Bibby
41.2%
Points
Player
% Correct
1453
Clifford Robinson
38.1%
1468
Vlade Divac
37.2%
1314*
Richard Jefferson
37.2%
1537
Rik Smits
36.9%
1304
Penny Hardaway
36%
1828
Terry Porter
35.8%
1432
Detlef Schrempf
34.6%
1558
Adrian Dantley
34.4%
1662
Tom Chambers
31.7%
1550
Charles Oakley
30.8%
1450
Walter Davis
30.1%
1372*
Kenyon Martin
29.6%
1441
Dan Majerle
28.3%
1487
Sidney Moncrief
24.7%
1664
Terry Cummings
17.5%
1861
Sam Perkins
10.1%
1300
Lou Hudson
5.9%
1447
Ricky Pierce
5.8%
1375
Darryl Dawkins
3.9%
1344
Rudy LaRusso
1.2%
Quiz Playlist
Details
Report
Send in Message
Add To Playlist
More Info:
*- Denotes active player. The team given is the team they played the most playoffs games with.
Classic:
Type in answers that appear in a list
Quiz Source
Last Updated: Feb 16, 2017
Quiz Scoreboard
CHALLENGE
Sign Up to Join the Scoreboard
Show All
Scores
Hide
Comments
May contain spoilers
Recently Published
1-10 Letter E Words III
by El_Dandy
Language
2m
Street Fighter Characters
by Artimus82
Gaming
60s
College Basketball Coaching Resumes
by pancakes188
Sports
9m
More to Explore
Quiz From the Vault
Featured Blog Post
Where Did the Easter Bunny Come From?
hide this ad
You Might Also Like...
Tags
Basketball Quiz
NBA Quiz
Career
Championship
Player
Playoff
point
Ring
team
Winning
Today's Top Quizzes in Sports
Browse Sports
hide this ad
Today's Top Quizzes in NBA
Browse NBA
Top Contributed Quizzes in Sports
1
2022 World Cup Stars
2
Les meilleurs buteurs des matchs entre le PSG et l’OM
3
FIFA Club World Cup Champions
4
Les entraîneurs de l'OM et du PSG au 21e siècle
5
Criteria MLB: Left Handed Sluggers
6
2023 MLB Unique Player Accomplishments
7
AFC Teams Reveal (Wrong Answers Minefield)
8
Players with Multiple 50 Home Run Seasons
9
5-to-1: FBS Animal Nicknames
10
5-to-1: UK Sports Teams
Explore More
Trending Topics
Kpop
NBA
Crossword
Harry Potter
Disney
Anime
Marvel
WWE
The Office
Country
Soccer
Song
NFL
Puzzle
Pokémon
hide this ad
More By:
dlh1231
Quiz
Plays
Rating
Category
Featured
Created
Most Well-Known Countries By Continent
431,818
4.62
Geography
May 1, 2010
NBA Scorers by Draft Pick
226,488
4.37
Sports
Jun 23, 2010
NBA 25 PPG After 10 Seasons
195,033
4.46
Sports
Dec 28, 2010
NBA Top 5 Scorers by Seasons Played
144,169
4.82
Sports
Apr 10, 2013
First NBA 50 Point Game by Season
116,261
4.66
Sports
Jan 29, 2014
Go to Creator's Profile
Score Distribution
Quiz Creator Spotlight
dlh1231
Follow
Send a Message
Quizzes Created
-
Created Quiz Play Count
-
More By This Creator
Popular Quizzes Today
1
Find the US States - No Outlines Minefield
2
Find the Countries of Europe - No Outlines Minefield
3
The Countries of the World
4
Find the US States
5
Risky Map Clicking: Biggest States A-Z
6
US States
7
Popular People in 1961
8
Movies - When Are They Set?
More Sports Quizzes
Click the Soccer Logos IX
Quiz Lab
Trending Quizzes
Risky Map Clicking: Least Populous States A-Z
Billboard Blitz: Aretha Franklin
Famous Russians: Author or Composer?
1-10 Letter G Words
Countries of the World: 200 Million BC
Recently Updated
Leaping Animals
pecheneg
Reality TV Shows (A-Z)
bhenderson79
Rickey Henderson's Hall of Fame Teammates
pecheneg
Champions League XIs: Arsenal
pecheneg
Quick Pick: Celebrities in WWE's Hall of Fame
aduchscher
A-Z Keypad Blitz II
pecheneg
Multiple Oscar Actors
pecheneg
Mystery Phrase Blitz: Oscar 'Best Actors'
pecheneg
F. Scott Fitzgerald Novels
LTH
Pick 3 Villains
ddd62291
Trending Topics
Anime
Crossword
Disney
NBA
Kpop
Marvel
Harry Potter
Puzzle
The Office
Pokémon
Soccer
Country
NFL
Song
WWE
Your Account Isn't Verified!
In order to create a playlist on Sporcle, you need to verify the email address you used during registration. Go to your
Sporcle Settings
to finish the process.
Report this User
Report this user for behavior that violates our
Community Guidelines
.
Details:
Send Report
Go to the Sporcle.com Mobile Site →
Comments